| 000 | 01985nam a2200337 a 4500 | ||
|---|---|---|---|
| 001 | BRCA_3023 | ||
| 005 | 20190320204055.0 | ||
| 008 | 200109s1746----ne-a---###---#000-0#fre-u | ||
| 041 | _afre | ||
| 044 | _ane | ||
| 084 |
_a337 _b.H66 _c1746 |
||
| 100 | 1 |
_aCervantes Saavedra, Miguel de _d1547-1616 _9213 |
|
| 245 | 1 | 0 |
_aLes Principales Aventures de L´Admirable Don Quichotte _cMiguel de Cervantes ; Representées en Figures par Coypel, Picart le Romain, et Autres Habiles Maitres. |
| 260 |
_aLa Haya (Holanda) _bPierre de Hondt _c1746 |
||
| 300 |
_a330 p. _bil. _c28 cm. |
||
| 500 | _aContenido : Dedicatoria. Advertencia de los editores. Texto explicativo de las láminas. Primera parte. Texto. Segunda parte. Texto | ||
| 500 | _aEdición : Avec les Explications des XXXI Planches de Cette Magnifique Collection, Tiró, es de L´Original Espagnol | ||
| 500 | _aEsta excelente edición es un resumen de la novela, acomodada por capítulos a la explicación de los episodios que representa cada lámina. Tanto por la hermosura de las estampas, belleza de los tipos, como por el rico papel a grandes márgenes, es la presente edición la más suntuosa de cuantas se habían impreso en lengua francesa hasta aquella fecha. Sin embargo, el ambiente y los personajes de la novela son del todo franceses, de la época de Luis XV. Semipiel; lomeras decoradas con filetes dorados Lúdovik Osterc | ||
| 500 | _aIncluye índice : De ilustraciones | ||
| 500 | _aQM264 | ||
| 546 | _aTexto en : francés | ||
| 650 | 1 | 4 |
_aNovela española _yÉpoca clásica, 1500-1700 _9215 |
| 650 | 1 | 4 |
_aLiteratura española _yÉpoca clásica, 1500-1700 _9216 |
| 650 | 1 | 4 |
_aNovela española _ySiglo XVII _9217 |
| 650 | 1 | 4 |
_aDon Quijote (Personaje ficticio) _eNovela _9218 |
| 700 | 1 |
_aCoypel, Charles-Antoine _d1694-1752 _eIlustrador _98317 |
|
| 700 | 1 |
_aPicart Le Romain, Bernard _d1673-1733 _eIlustrador _98318 |
|
| 740 | 0 | _aEl Ingenioso Hidalgo Don Quijote de la Mancha | |
| 902 | _aQFM | ||
| 942 |
_2lcc _cB |
||
| 999 |
_c2760 _d2760 |
||